000 00989nam a22002537a 4500
005 20170124102950.0
010 _aB-077267
020 _c60.00
035 _aB-077267
037 _bCen Lib/Ret
040 _aDPL
_bHN
082 _a
_bस्वामीम
100 _aस्वामी, मनु
_93694
245 _aअपने आस पास :
_cमनु स्वामी
_bलघु कथाएं /
246 _aApne as pas : laghukathayen /
_bby Manu Swami
260 _aमुज़फ्फरनगर
_bकुसुम प्रकाशन
_c2002
270 _bमुज़फ्फरनगर
_aसदर बाज़ार
300 _a56पृ.
_c21सेमी(सजिल्द )
650 _aहिंदी साहित्य
_x
_z
_951257
650 _aहिंदी कहानियां
_92082
650 _aHindi literature
_951258
650 _aHindi stories
_951259
942 _2ddc
_cHN
_h
_mस्वामीम
999 _c113238
_d113238